Anne of Green Gables Franchise - Statistics

General Stats
  • This quiz has been taken 46 times
    40 since last reset
  • The average score is 17 of 61
Answer Stats
Type Year Name Info % Correct
Novel 1908 Anne of Green Gables L.M. Montgomery
100%
Film 1919 Anne of Green Gables Paramount
100%
Film 1934 Anne of Green Gables RKO Radio Pictures
100%
TV Film 1956 Anne of Green Gables CBC
100%
TV Mini-Series 1972 Anne of Green Gables BBC
100%
TV Show 1979 Anne of Green Gables Fuji TV / Animax
100%
TV Film 1985 Anne of Green Gables CBC
100%
TV Show 2001-2002 Anne of Green Gables: The Animated Series TVOKids / PBS Kids
100%
Musical 1965 Anne of Green Gables: The Musical Norman Campbell
100%
TV Show 2017-2019 Anne with an E CBC / Netflix
100%
TV Film 2016 L.M. Montgomery's Anne of Green Gables YTV
100%
Novel 1909 Anne of Avonlea L.M. Montgomery
73%
TV Mini-Series 1975 Anne of Avonlea BBC
73%
Novel 1915 Anne of the Island L.M. Montgomery
68%
Novel 1936 Anne of Windy Poplars L.M. Montgomery
59%
Novel 1917 Anne's House of Dreams L.M. Montgomery
50%
Novel 1919 Rainbow Valley L.M. Montgomery
50%
Novel 1921 Rilla of Ingleside L.M. Montgomery
50%
Novel 1939 Anne of Ingleside L.M. Montgomery
45%
Film 1940 Anne of Windy Poplars RKO Radio Pictures
45%
Short Story Collection 1912 Chronicles of Avonlea L.M. Montgomery
18%
Short Story Collection 1920 Further Chronicles of Avonlea L.M. Montgomery
14%
TV Show 2009 Kon'nichiwa Anne: Before Green Gables BS Fuji / Animax
9%
Musical 2005 Anne & Gilbert Jeff Hochhauser / Nancy White / Bob Johnston
5%
TV Film 2000 Anne of Green Gables: The Continuing Story CBC
5%
TV Mini-Series 1987 Anne of Green Gables: The Sequel Disney Channel
5%
Novel 2008 Before Green Gables Budge Wilson
5%
TV Show 1990-1996 Road to Avonlea CBC
5%
Novel 2009 The Blythes Are Quoted L.M. Montgomery
5%
TV Film 1998 An Avonlea Christmas CBC
0%
Film 2005 Anne: Journey to Green Gables Sullivan Entertainment
0%
TV Mini-Series 2008 Anne of Green Gables: A New Beginning CTV
0%
Musical 2018 Anne of Green Gables: A New Musical N/A
0%
Film 2010 Anne of Green Gables: Road to Green Gables Nippon Animation Co.
0%
Short Story 1920 Aunt Cynthia's Persian Cat L.M. Montgomery
0%
Short Story 1912 Aunt Olivia's Beau L.M. Montgomery
0%
Short Story 1912 Each in His Own Tongue L.M. Montgomery
0%
Short Story 1920 Her Father's Daughter L.M. Montgomery
0%
Short Story 1920 In Her Selfless Mood L.M. Montgomery
0%
Short Story 1920 Jane's Baby L.M. Montgomery
0%
Short Story 1912 Little Joscelyn L.M. Montgomery
0%
Short Story 1912 Old Lady Lloyd L.M. Montgomery
0%
Short Story 1912 Old Man Shaw's Girl L.M. Montgomery
0%
Short Story 1920 Only a Common Fellow L.M. Montgomery
0%
Short Story 1912 Pa Sloane's Purchase L.M. Montgomery
0%
Short Story 1912 Quarantine at Alexander Abraham's L.M. Montgomery
0%
Short Story 1920 Sara's Way L.M. Montgomery
0%
Short Story 1920 Tannis of the Flats L.M. Montgomery
0%
Short Story 1920 The Brother Who Failed L.M. Montgomery
0%
Short Story 1920 The Conscience Case of David Bell L.M. Montgomery
0%
Short Story 1912 The Courting of Prissy Strong L.M. Montgomery
0%
Short Story 1920 The Dream-Child L.M. Montgomery
0%
Short Story 1920 The Education of Betty L.M. Montgomery
0%
Short Story 1912 The End of a Quarrel L.M. Montgomery
0%
Short Story 1912 The Hurrying of Ludovic L.M. Montgomery
0%
Short Story 1920 The Little Brown Book of Miss Emily L.M. Montgomery
0%
Short Story 1920 The Materializing of Cecil L.M. Montgomery
0%
Short Story 1912 The Miracle at Carmody L.M. Montgomery
0%
Short Story 1920 The Return of Hester L.M. Montgomery
0%
Short Story 1920 The Son of His Mother L.M. Montgomery
0%
Short Story 1912 The Winning of Lucinda L.M. Montgomery
0%
No matching quizzes found
Score Distribution
Percent of People with Each Score
Percentile by Number Answered
Your Score History
You have not taken this quiz since the last reset